000 00450nam a2200181Ia 4500
005 20250326142729.0
008 250326s9999 xx 000 0 und d
037 _aTextbook
040 _aFMSL
_beng
_cFMSL
041 _aeng
_2eng
084 _qFMSL
100 _aScott B
_9746517
245 0 _aSkills of negotiating
_cScott B
260 _aGower Pub. Co
_bGower Pub. Co
_c1981
300 _a243p
942 _cTB
999 _c1296394
_d1296394